Frontiers in electromagnetics / (Record no. 30253)
[ view plain ]
| 000 -LEADER | |
|---|---|
| fixed length control field | 00611 a2200205 4500 |
| 003 - CONTROL NUMBER IDENTIFIER | |
| control field | NUST |
| 005 - DATE AND TIME OF LATEST TRANSACTION | |
| control field | 20180118115034.0 |
| 008 - FIXED-LENGTH DATA ELEMENTS--GENERAL INFORMATION | |
| fixed length control field | 180118b xxu||||| |||| 00| 0 eng d |
| 020 ## - INTERNATIONAL STANDARD BOOK NUMBER | |
| International Standard Book Number | 0780347013 |
| 020 ## - INTERNATIONAL STANDARD BOOK NUMBER | |
| International Standard Book Number | 9780780347014 |
| 082 ## - DEWEY DECIMAL CLASSIFICATION NUMBER | |
| Classification number | 537 |
| 100 ## - MAIN ENTRY--PERSONAL NAME | |
| Personal name | Werner, Douglas H. |
| 9 (RLIN) | 8641 |
| 245 10 - TITLE STATEMENT | |
| Title | Frontiers in electromagnetics / |
| Statement of responsibility, etc. | Douglas H. Werner, Raj Mittra. |
| 250 ## - EDITION STATEMENT | |
| Edition statement | 1st ed. |
| 260 ## - PUBLICATION, DISTRIBUTION, ETC. | |
| Place of publication, distribution, etc. | [S.l.] : |
| Name of publisher, distributor, etc. | Wiley-IEEE Press, |
| Date of publication, distribution, etc. | 2000. |
| 300 ## - PHYSICAL DESCRIPTION | |
| Extent | 814 p. ; |
| Dimensions | 26 cm. |
| 490 1# - SERIES STATEMENT | |
| Series statement | Ieee press series on rf and microwave technology. |
| 700 1# - ADDED ENTRY--PERSONAL NAME | |
| Personal name | Werner, Douglas H. |
| 9 (RLIN) | 8641 |
| 700 1# - ADDED ENTRY--PERSONAL NAME | |
| Personal name | Mittra, Raj. |
| 9 (RLIN) | 8642 |
| 830 #0 - SERIES ADDED ENTRY--UNIFORM TITLE | |
| Uniform title | Ieee press series on rf and microwave technology. |
| 9 (RLIN) | 8643 |
| 942 ## - ADDED ENTRY ELEMENTS (KOHA) | |
| Institution code [OBSOLETE] | SNS |
| Koha item type | Book |
| Call number prefix | 537 WER |
| Source of classification or shelving scheme | |
| Withdrawn status | Lost status | Damaged status | Not for loan | Permanent Location | Current Location | Date acquired | Total Checkouts | Full call number | Barcode | Date last seen | Price effective from | Koha item type |
|---|---|---|---|---|---|---|---|---|---|---|---|---|
| School of Natural Sciences (SNS) | School of Natural Sciences (SNS) | 05/26/2016 | 537 WER | SNS0001793 | 05/26/2016 | 05/26/2016 | Book |
